[Event "San Salvador zt 2.3"]
[Site "San Salvador"]
[Date "2017.05.30"]
[Round "8"]
[White "Garcia, Daniel Alejandro"]
[Black "Santos, Oliver"]
[Result "1/2-1/2"]
[WhiteElo "1600"]
[BlackElo "1779"]
[PlyCount "52"]
[EventDate "2017.05.26"]
[EventType "swiss"]
[EventRounds "9"]
[EventCountry "ESA"]
[SourceTitle "CBM 178 Extra"]
[Source "ChessBase"]
[SourceDate "2017.06.22"]
[SourceVersion "1"]
[SourceVersionDate "2017.06.22"]
[SourceQuality "1"]

1. d4 Nf6 2. c4 d5 3. Nf3 e6 4. g3 c5 5. Bg2 Nc6 6. 0-0 cxd4 7. cxd5 exd5 8. Nxd4 Be7 9. Nc3 0-0 10. Bf4 a6 11. Rc1 Be6 12. Qd2 Rc8 13. Rfd1 Nxd4 14. Qxd4 Bc5 15. Qd2 Ng4 16. Rf1 h6 17. h3 Nf6 18. Rfd1 Bb4 19. a3 Bxc3 20. Rxc3 Ne4 21. Bxe4 dxe4 22. Qxd8 Rfxd8 23. Rxc8 Rxc8 24. Kg2 Kf8 25. Rd2 Ke7 26. Be5 g6 1/2-1/2